| 000 | 00605nam a2200229Ia 4500 | ||
|---|---|---|---|
| 001 | 70819 | ||
| 003 | 144808 | ||
| 005 | 20260225063000.0 | ||
| 008 | ||||||n9999 ||| || || | ||
| 041 | _aspa | ||
| 245 | 0 | _aBalance social del distrito capital | |
| 260 |
_aBogotá : _bCONSB, _c1998. |
||
| 300 | _a179h. | ||
| 562 | _e1 | ||
| 650 | 0 |
_aAdministración distrital _912610 |
|
| 650 |
_aINFORME DE GESTIÓN _913116 |
||
| 650 |
_aINVERSIÓN SOCIAL _933236 |
||
| 650 | 0 |
_aPolítica social _92798 |
|
| 650 | 0 |
_aProblemas sociales _92243 |
|
| 651 | 0 |
_aBogotá (Colombia) _920469 |
|
| 942 | _cDO-GO | ||
| 999 |
_c70819 _d70819 |
||